Những bài thuốc thần dược của Trung Quốc

Quyển sách giới thiệu với bạn đọc hơn 600 loại bệnh, trong đó nhiều bệnh lại có hàng chục bài thuốc để chữa trị như một số bệnh về bệnh truyền nhiễm, những bài thuốc chữa bệnh về hô hấp, những bài thuốc chữa bệnh tiết niệu, .....

Πλήρης περιγραφή

Αποθηκεύτηκε σε:
Λεπτομέρειες βιβλιογραφικής εγγραφής
Κύριος συγγραφέας: Điền Phong Ô
Άλλοι συγγραφείς: Trương Thanh Vận, Nguyễn Văn Kiêm (Dịch), Nguyễn Tiến Hội (Hiệu đính)
Μορφή: Βιβλίο
Γλώσσα:Vietnamese
Έκδοση: Đà Nẵng Nxb. Đà Nẵng 2016
Έκδοση:Tái bản
Θέματα:
Ετικέτες: Προσθήκη ετικέτας
Δεν υπάρχουν, Καταχωρήστε ετικέτα πρώτοι!
Thư viện lưu trữ: Thư viện Trường Đại học Nam Cần Thơ
LEADER 01412nam a22002417a 4500
001 NCT_75088
008 200221b xxu||||| |||| 00| 0 vie d
999 |c 3661  |d 3661 
020 |a 978604841023  |c 380000 
082 0 4 |2 23rd ed.  |a 615.32  |b Ô450 
100 1 |a Điền Phong Ô 
245 1 0 |a Những bài thuốc thần dược của Trung Quốc  |c Điền Phong Ô, Trương Thanh Vận; Nguyễn Văn Kiêm (dịch); Nguyễn Tiến Hội (h.đ.) 
250 |a Tái bản 
260 |a Đà Nẵng  |b Nxb. Đà Nẵng  |c 2016 
300 |a 1407 tr.  |b hình vẽ  |c 24cm 
520 3 |a Quyển sách giới thiệu với bạn đọc hơn 600 loại bệnh, trong đó nhiều bệnh lại có hàng chục bài thuốc để chữa trị như một số bệnh về bệnh truyền nhiễm, những bài thuốc chữa bệnh về hô hấp, những bài thuốc chữa bệnh tiết niệu, .... 
653 |a Dược học 
700 1 |a Trương Thanh Vận 
700 1 |a Nguyễn Văn Kiêm  |e Dịch 
700 1 |a Nguyễn Tiến Hội   |e Hiệu đính 
942 |2 ddc  |c BK 
952 |0 0  |1 0  |2 ddc  |4 0  |6 615_320000000000000_Ô450  |7 0  |9 18777  |a 000001  |b 000001  |d 2020-02-21  |o 615.32 Ô450  |p MD.16397  |r 2020-02-21  |v 380000.00  |w 2020-02-21  |y BK 
980 |a Thư viện Trường Đại học Nam Cần Thơ